[Event "Saint Denis op"]
[Site "Saint Denis"]
[Date "2022.10.13"]
[Round "6"]
[White "Lee Luen Mang, Stefan"]
[Black "Daoudjee, Hishame"]
[Result "1-0"]
[WhiteElo "1557"]
[BlackElo "1199"]
[PlyCount "71"]
[EventDate "2022.10.13"]
[EventType "swiss"]
[EventRounds "9"]
[EventCountry "RUF"]
[SourceTitle "EXT 2024"]
[Source "ChessBase"]
[SourceDate "2023.10.10"]
[SourceVersion "1"]
[SourceVersionDate "2023.10.10"]
[SourceQuality "1"]

1. e4 d6 2. d4 g6 3. Be3 Nd7 4. Qd2 a6 5. c4 c6 6. Nc3 Qc7 7. Rc1 Bg7 8. Nf3 e5 9. d5 c5 10. Be2 Ndf6 11. h3 h6 12. Nh4 Bd7 13. g4 g5 14. Nf5 Bxf5 15. gxf5 Qd7 16. Bd1 0-0-0 17. b4 b6 18. Na4 Qc7 19. bxc5 bxc5 20. f3 Nd7 21. Rb1 Re8 22. Rb3 Kd8 23. Qb2 Ke7 24. Rb7 Qa5+ 25. Bd2 Qd8 26. Nb6 Ngf6 27. Nxd7 Nxd7 28. Ba4 Kf8 29. Rxd7 Qb8 30. Rb7 Qd8 31. Bxe8 f6 32. Bg6 h5 33. Rb8 Qxb8 34. Qxb8+ Ke7 35. Qc7+ Kf8 36. Qd8# 1-0